An etymological dictionary of the English language / (Record no. 22239)

000 -LEADER
fixed length control field 00405cam a2200145I 4500
040 ## - CATALOGING SOURCE
Transcribing agency YNG
082 ## - DEWEY DECIMAL CLASSIFICATION NUMBER
Classification number 332 ETY 1968 C324 Or.
100 1# - MAIN ENTRY--AUTHOR NAME
Personal name Skeat, Walter W.
245 13 - TITLE STATEMENT
Title An etymological dictionary of the English language /
250 ## - EDITION STATEMENT
Edition statement New ed. rev. and enl
260 ## - PUBLICATION, DISTRIBUTION, ETC. (IMPRINT)
Place of publication Oxford :
Name of publisher Clarendon Press,
Year of publication [1968, 1882]
300 ## - PHYSICAL DESCRIPTION
Number of Pages xliv, 780 p. ;
Dimensions 28 cm
650 #0 - SUBJECT ADDED ENTRY--TOPICAL TERM
Topical Term English language
942 ## - ADDED ENTRY ELEMENTS (KOHA)
Koha item type ADB
952 ## - LOCATION AND ITEM INFORMATION (KOHA)
Withdrawn status [LOCAL, KOHA] 0
Holdings
Permanent Location Date acquired Koha item type Lost status Shelving location Barcode Current Location Full call number
Library Block C2023-11-22ADB C324a23948Library Block C332 ETY 1968 C324 Or.
មជ្ឈមណ្ឌលឯការនៃសាកលវិទ្យាល័យភូមិន្ទកសិកម្មចំការដូង

Powered by Koha